000 01127nam a22003377a 4500
003 CHAP
005 20220329133313.0
008 971013s1990 r 00010 d
010 _a4620
011 _a5592
035 _a4806
040 _cCHAP
082 _a635.9666
_bN5
100 0 0 _aNowak, Joanna.
_982064
245 _aPostharvest handling and storage of cut flowers, florist greens, and potted plants
260 _aPortland, Oregon :
_bTimber Press,
_c1990
300 _a210 p.
_b: ilus.
590 _aBATCH-UPD
_b10
_c20130110
_lUCH01
_h0238
590 _aBATCH-UPD
_b10
_c20130110
_lUCH01
_h1255
590 _aBATCH-UPD
_b10
_c20130409
_lUCH01
_h2304
590 _aBATCH-UPD
_b10
_c20130914
_lUCH01
_h1417
590 _aCONVERSION
_b10
_c20130109
_lUCH01
_h1304
650 1 4 _aFlores
_xAlmacenamiento.
_941359
650 1 4 _aFlores
_xTecnologĂ­a postcosecha.
_941409
650 1 4 _aPlantas de follaje.
_988935
650 1 4 _aSiembra en maceta.
_9105841
700 0 _aRudnicki, Ryszard M.
_9100534
901 _aBK
942 _cLIBRO
949 _a635.9666 N5
_bBC
_cLIBRO
_d33724000002143
_eLIBRO
_gI.174488
_h88017
_i4806
_si
_t163.56
999 _c4620
_d4620